banner-ar

THE ASWAN TROUPE OF FOLKLOUREC ARTS / (Record no. 25814)

MARC details
000 -الفاتح
حقل البيانات ثابتة الطول 00425nam a2200169Ia 4500
008 - عناصر البيانات ثابتة الطول - معلومات عامة
حقل البيانات ثابتة الطول 140319s9999 xx 000 0 eng d
040 ## - مصدر الفهرسة
وكالة الفهرسة الأصلية GCL /
وكالة النسخ GCL
082 04 - رقم تصنيف ديوى العشرى
رقم التصنيف P
رقم المادة 050
-- H T
100 1# - المدخل الرئيسى - إسم شخصى
الإسم الشخصى HASSAN FAKER EL DIN
245 10 - بيان العنوان
العنوان THE ASWAN TROUPE OF FOLKLOUREC ARTS /
بيان المسئوليه,etc HASSAN FAKER EL DIN
300 ## - الوصف المادى
التعداد 24
650 04 - المدخل الاضافى بالموضوع-مصطلح موضوعى
مصطلح موضوعي ART
650 04 - المدخل الاضافى بالموضوع-مصطلح موضوعى
مصطلح موضوعي ARTISTS
942 ## - عناصر المدخل الإضافي( كوها)
مصدر التصنيف او مخطط الترفيف Dewey Decimal Classification
Koha [default] item type الدوريات
260 ## - PUBLICATION, DISTRIBUTION, ETC. (IMPRINT)
-- [S.N] :
-- HASSAN FAKER EL DIN
Holdings
حالة التراجع حالة الفقد حالة تلف ليس للاعارة المكان المؤقت الموقع الحالى تاريخ الاكتساب اجمالي اﻻعارات رقم الطلب الباركود تاريخ اخر مشاهدة تاريخ تفعيل السعر نوع وعاء كوها
        مكتبة القاهرة الكبرى مكتبة القاهرة الكبرى 03/26/2014   P\050\H T 45679 03/26/2014 03/26/2014 الدوريات
        مكتبة القاهرة الكبرى مكتبة القاهرة الكبرى 03/26/2014   P\050\H T 45680 03/26/2014 03/26/2014 الدوريات

Powered By

EGPV